000 00593nam a2200193Ii 4500
003 JO-AjNU
008 230605s9999||||xx |||||||||||||| ||und||
040 _aJO-AjNU
_bara
_erda
_cJO-AjNU
041 _aara
050 1 4 _aPJ7858.A93.A89 1982
100 3 _aتأليف القيسي، محمد,
_eauthor
_949556
245 0 0 _aأرخبيل المسرات الميتة: مزامير أرضية
264 3 1 _aد.ن
300 _a168ص
336 _atext
_btxt
_2rdacontent
337 _aunmediated
_bn
_2rdamedia
338 _avolume
_bnc
_2rdacarrier
650 4 _aالشعر العربي
_949557
999 _aA21773
_c25341
_d25341